Responses for Show #6067 - Tuesday, January 18, 2011

Contestants

[<< previous game]

Carrie Oken, a TV lighting technician from New York, New York

Ali Binazir, an author and hypnotherapist from Santa Monica, California

Anthony Fox, an account executive from Arlington Heights, Illinois (whose 3-day cash winnings total $39,399)

[next game >>]

Jeopardy! Round responses

ITS LONGEST BORDER
(Alex: You identify the country next to the one we mention.)
THE CINEMA
BURGER JOINTS
THE GARMENT DISTRICT
"Y" ASK
TEAM JACOB
    $200 6
the United States

Anthony
    $200 16
Jurassic Park

Anthony
    $200 11
McDonald's

Anthony
    $200 23
a thong

Triple Stumper
    $200 1
yaks

Anthony
    $200 27
(Ali!: Who is Esau?)

Joseph

Ali!
Triple Stumper
    $400 7
China

Ali!
    $400 17
(Anthony: What is Sleeping Beauty?)
(Carrie: What is Snow White?)
(Alex: S--give me a little more.)

Snow White and the Seven Dwarfs

AnthonyCarrie
    $400 12
Wendy's

Anthony
    $400 22
Pakistan

Anthony
    $400 2
Yiddish

Anthony
    $400 21
the Mediterranean

Triple Stumper
    $1,200 8
(Ali!: The whole shmear, Alex!)
...
(Ali!: What is Thailand?)

Laos

Ali!
    $600 18
Adam Sandler

Carrie
    $600 13
Jack in the Box

Anthony
    $600 24
the hat

Anthony
    $600 3
a yodeler

Anthony
    $600 28
[The end-of-round signal sounds.]

Judah

Triple Stumper
    $800 9
Venezuela

Ali!
    $800 19
The Pianist

Ali!
    $800 14
Burger King

Triple Stumper
    $800 25
(Alex: Correct, with less than a minute to go.)

Scotland

Anthony
    $800 4
Yugoslavia

Ali!
    $1000 10
Norway

Anthony
    $1000 20
Jewel of the Nile

Triple Stumper
    $1000 15
White Castle

Ali!
    $1000 26
(Anthony: What is... Brittany?)

a breton

Anthony
Triple Stumper
    $1000 5
(Carrie: What is yapping?)

yammering

Carrie
Triple Stumper

Scores at the first commercial break (after clue 15):

Anthony Ali! Carrie
$3,600 $1,800 -$1,000

Scores at the end of the Jeopardy! Round:

Anthony Ali! Carrie
$4,200 $2,400 $0

Double Jeopardy! Round responses

AMERICAN WOMEN NOVELISTS
ALBUM TITLE REFERENCES
THE BEAR FACTS
WHERE YOU'D FIND
"PAY" UP
TEAM EDWARD
    $400 5
Alcott

Ali!
    $400 1
Aqualung

Anthony
    $400 21
a sow

Ali!
    $400 16
(Ali!: What is Hawaii?)

Oahu

AnthonyAli!
    $400 10
PayPal

Anthony
    $400 26
the Roman Empire

Anthony
    $800 6
Willa Cather

Triple Stumper
    $800 2
Pyromania

Anthony
    $800 22
a grizzly

Ali!
    $800 17
[ERRATUM: The second ghost's name is Blinky. The clue aired as shown.]

Pac-Man

Anthony
    $800 12
payback

Ali!
    $800 27
(Edward R.) Murrow

Anthony
    $1200 7
Marjorie Kinnan Rawlings

Triple Stumper
    $5,400 3
Joshua Tree

Anthony
    $1200 23
a sun bear

Anthony
    $1200 18
a comic book

Triple Stumper
    $1200 13
payola

Ali!
    $500 28
(Anthony: Who is Robinson?)
...
(Alex: You forgot the category, didn't you?)

Edward Albee

Anthony
    $1600 8
Mary Higgins Clark

Triple Stumper
    $1600 4
Quadrophenia

Ali!
    $1600 24
a spectacled bear

Triple Stumper
    $1600 19
(Anthony: What's the nose?)

the heart

AnthonyAli!
    $1600 14
pay dirt

Ali!
    $1600 29
dark and stormy night

Carrie
    $2000 9
Nora Roberts

Triple Stumper
    $2000 11
Avalon

Anthony
    $2000 25
Alaska

Triple Stumper
    $2000 20
DNA

Anthony
    $2000 15
a payroll tax (a payroll deduction accepted)

Anthony
    $2000 30
"Pomp and Circumstance"

Ali!

Scores at the end of the Double Jeopardy! Round:

Anthony Ali! Carrie
$18,700 $12,400 $1,600

[wagering suggestions for these scores]

Final Jeopardy! Round responses

STATE NAMES
(Alex: [Revealing Anthony's response] That was just to be funny.)
(Anthony: Unfortunately, not so.)
...
(Alex: And you have yet to come up with a correct response for Final Jeopardy!)
CarrieWhat is ?
$400
Ali!What are Iowa and
$2,000
AnthonyWhat are Hawaii & Alaska?
$6,101
Iowa & Ohio

Final scores:

Anthony Ali! Carrie
$12,599 $10,400 $1,200
4-day champion: $51,998 2nd place: $2,000 3rd place: $1,000

Game dynamics:

Coryat scores:

Anthony Ali! Carrie
$15,000 $13,600 $1,600
24 R
(including 1 DD),
4 W
(including 1 DD)
14 R,
3 W
(including 1 DD)
3 R,
1 W

Combined Coryat: $30,200

[game clues] [game scores] [suggest correction]

Game tape date: 2010-10-12
The J! Archive is created by fans, for fans. Scraping, republication, monetization, and malicious use prohibited; this site may use cookies and collect identifying information. See terms. The Jeopardy! game show and all elements thereof, including but not limited to copyright and trademark thereto, are the property of Jeopardy Productions, Inc. and are protected under law. This website is not affiliated with, sponsored by, or operated by Jeopardy Productions, Inc. Join the discussion at JBoard.tv.